Southville International School and Colleges
Your cart is empty.
  • Cart
  • Lists
    Public lists Eva Luna New books Lux_list list_1
    Your lists Log in to create your own lists
  • Log in to your account
  • Your cookies
  • Search history
Southville International School and Colleges
  • Advanced search
  • Recent comments
  • Most popular
  • Libraries

Log in to your account

Log in with GOOGLE


If you do not have an external account, but do have a local account, you can still log in:

  1. Home
  2. MARC view: How to be compassionate :
Normal view MARC view ISBD view

How to be compassionate : (Record no. 15730)

[ view plain ]
MARC details
000 -LEADER
fixed length control field 01482cam a22003977a 4500
001 - CONTROL NUMBER
control field 16761590
003 - CONTROL NUMBER IDENTIFIER
control field OSt
005 - DATE AND TIME OF LATEST TRANSACTION
control field 20140310182750.0
008 - FIXED-LENGTH DATA ELEMENTS--GENERAL INFORMATION
fixed length control field 110504s2011 nyu bf 000 0 eng d
010 ## - LIBRARY OF CONGRESS CONTROL NUMBER
LC control number 2011281813
020 ## - INTERNATIONAL STANDARD BOOK NUMBER
International Standard Book Number 9781451623901 (hbk.)
020 ## - INTERNATIONAL STANDARD BOOK NUMBER
Cancelled/invalid ISBN 9781451623925 (ebk.)
035 ## - SYSTEM CONTROL NUMBER
System control number (OCoLC)ocn657596899
040 ## - CATALOGING SOURCE
Original cataloging agency BTCTA
Language of cataloging eng
Transcribing agency BTCTA
Modifying agency YDXCP
-- FN4
-- QDK
-- IK2
-- VP@
-- B2A
-- ORX
-- BWX
-- DLC
042 ## - AUTHENTICATION CODE
Authentication code lccopycat
050 00 - LIBRARY OF CONGRESS CALL NUMBER
Classification number BQ 4360
Item number .B76 2011
082 04 - DEWEY DECIMAL CLASSIFICATION NUMBER
Classification number M 294
Item number B916 2011
100 0# - MAIN ENTRY--PERSONAL NAME
Personal name Bstan-ʼdzin-rgya-mtsho,
Titles and other words associated with a name Dalai Lama XIV,
Dates associated with a name 1935-
245 10 - TITLE STATEMENT
Title How to be compassionate :
Remainder of title a handbook for creating inner peace and a happier world /
Statement of responsibility, etc Hopkins, Jeffrey
260 ## - PUBLICATION, DISTRIBUTION, ETC. (IMPRINT)
Place of publication, distribution, etc New York :
Name of publisher, distributor, etc Atria Books,
Date of publication, distribution, etc c2011.
300 ## - PHYSICAL DESCRIPTION
Extent xi, 147 p. ;
Dimensions 19 cm.
504 ## - BIBLIOGRAPHY, ETC. NOTE
Bibliography, etc Includes bibliographical references (p. [145]-147).
520 ## - SUMMARY, ETC.
Summary, etc Through practical exercises and personal anecdotes, the revered spiritual leader shows how individuals' compassion can lead to global changes.
521 ## - TARGET AUDIENCE NOTE
Target audience note
526 ## - STUDY PROGRAM INFORMATION NOTE
Reading level 1210L-1700L
541 ## - IMMEDIATE SOURCE OF ACQUISITION NOTE
-- 1
562 ## - COPY AND VERSION IDENTIFICATION NOTE
Number of copies 1
650 #0 - SUBJECT ADDED ENTRY--TOPICAL TERM
Topical term or geographic name as entry element Compassion
General subdivision Religious aspects
-- Buddhism.
650 #0 - SUBJECT ADDED ENTRY--TOPICAL TERM
Topical term or geographic name as entry element Religious life
General subdivision Buddhism.
650 #7 - SUBJECT ADDED ENTRY--TOPICAL TERM
Topical term or geographic name as entry element Compassion
General subdivision Religious aspects
-- Buddhism.
Source of heading or term sears
650 #7 - SUBJECT ADDED ENTRY--TOPICAL TERM
Topical term or geographic name as entry element Buddhism.
Source of heading or term sears
700 1# - ADDED ENTRY--PERSONAL NAME
Personal name Hopkins, Jeffrey.
906 ## - LOCAL DATA ELEMENT F, LDF (RLIN)
a 7
b cbc
c copycat
d 2
e ncip
f 20
g y-gencatlg
942 ## - ADDED ENTRY ELEMENTS (KOHA)
Source of classification or shelving scheme Library of Congress Classification
Koha item type Books
Call number prefix
Holdings
Withdrawn status Lost status Source of classification or shelving scheme Damaged status Home library Current library Shelving location Date acquired Total Checkouts Full call number Barcode Date last seen Date checked out Copy number Price effective from Koha item type
    Library of Congress Classification   College Library College Library General Circulation Section 11/05/2012 1 BQ 4360 .H793 2011 C15900 08/07/2019 08/02/2019 1 11/05/2012 Books

How to be compassionate :

APA

Bstan-ʼdzin-rgya-mtsho, Hopkins J., . (2011). How to be compassionate. New York: Atria Books.

Chicago

Bstan-ʼdzin-rgya-mtsho, Hopkins Jeffrey, . 2011. How to be compassionate. New York: Atria Books.

Harvard

Bstan-ʼdzin-rgya-mtsho, Hopkins J., . (2011). How to be compassionate. New York: Atria Books.

MLA

Bstan-ʼdzin-rgya-mtsho, Hopkins Jeffrey, . How to be compassionate. New York: Atria Books. 2011.

  • Place hold
  • Print
  • Cite
  • Add to your cart (remove)
  • Save record
    BIBTEX Dublin Core MARCXML MARC (non-Unicode/MARC-8) MARC (Unicode/UTF-8) MARC (Unicode/UTF-8, Standard) MODS (XML) RIS
  • More searches
    Search for this title in:
    Other Libraries (WorldCat) Other Databases (Google Scholar) Online Stores (Bookfinder.com) Open Library (openlibrary.org)

Exporting to Dublin Core...

SOUTHVILLE LIBRARY

Southville International School and Colleges Library

1281 Tropical Ave. Cor. Luxembourg St., BF Homes International, Las Pinas City

Tel. No. 8256374 / 252358 Loc. 117/146

Powered by Koha